01071nac a22002771u 4500010001700000020002200017082001600039090001500055100003400070245008900104260005900193300005300252500005300305500002600358504005300384511002600437650004000463650005200503650001900555700002200574700002400596700002100620942001800641999001500659952011900674 a 2001036539 a0130620300 (pbk.)00a658.18bDAN c7179d7179 aDaniels, John D. 10aGlobalization and business /cJohn D. Daniels, Lee H. Radebaugh, Daniel P. Sullivan. aUpper Saddle River, N.J. :bPrentice Hall,2002cc2002. axiii, 399 p. :bill. (some col.), maps ;c24 cm. aBased on: International business. 9th ed. c2001. adistributer: Al-Ahram aIncludes bibliographical references and indexes. acatalogued by: wessam 0aInternational business enterprises. 0aInternational business enterprisesxManagement. 0aGlobalization.1 aRadebaugh, Lee H.1 aSullivan, Daniel P.1 aDaniels, John D. cBBk658.18DAN c7179d7179 00104070aMAINbMAINc1STd2014-01-08ePurchasel4m2o658.18DANp000008280r2025-07-15 00:00:00s2012-03-19yBB